000 00996nam a2200253 a 4500
001 79973
003 BD-RjUL
005 20220615153316.0
008 220615s2021 bg ||||| |||| 00| 0 ben d
020 _a9847000004086
035 _a(BD-RjUL)79973
040 _aBD-RjUL
_beng
_cBD-RjUL
041 _aben
082 _223
_a954.924
_bSHD 2021
100 _aসাহা, বৃন্দাবন
_93641
245 1 0 _aদুটি বিদ্রোহের কথা :
_bঠাকুরবাড়ির জমিদারিতে প্রজাদের নাচোলে কৃষকদের /
_cবৃন্দাবন সাহা
260 _aঢাকা :
_bজাতীয় সাহিত্য প্রকাশ,
_c২০২১
300 _a১৩৪ পৃ.;
_c২২ সেমি.
650 _aনাচোল
_zইতিহাস
_93642
650 _aNachol
_xHistory
_93643
650 _aবিদ্রোহ
_93644
650 _aRebellion
_93645
942 _2ddc
_cBK
999 _c79973
_d79973